Städte in Ungarn - Sudden Death - Statistiken

Allgemein
  • Dieses Quiz wurde 141 mal gespielt
  • Das Durchschnittsergebnis liegt bei 7 aus 15
Answers on the Grid
Answers color-coded by a green-red scale on the quiz's grid according to % correct below.
Budapest
Debrecen
Szolnok
Sopron
Szombathely
Zalaegerszeg
Pécs
Győr
Szeged
Miskolc
Kecskemét
Veszprém
Kaposvár
Esterházy
Felsőőr
Trnava
Klatovy
Leszno
Osijek
Ludbreg
Sombor
Caransebeş
Hodonín
Zvolen
Zrenjanin
Székesfehérvar
Botoşani
Carei
Krupina
Eger
 
Antwortstatistiken
Antwort % Korrekt
Budapest
79%
Győr
66%
Szeged
66%
Pécs
59%
Debrecen
57%
Székesfehérvar
56%
Szombathely
48%
Kecskemét
41%
Veszprém
41%
Zalaegerszeg
41%
Eger
34%
Sopron
31%
Kaposvár
26%
Szolnok
26%
Miskolc
23%
Keine übereinstimmenden Quizze gefunden
Verteilung der Resultate
Anzahl Personen mit jedem Resultat
Perzentil nach korrekt beantworteten Fragen
Ihre Resultats-Entwicklung
Sie haben dieses Quiz noch nicht gespielt